Statistics for 海南省地图 Hainan Map Quiz

Click here to take the quiz!

General Stats

  • This quiz has been taken 1 469 times
  • The average score is 12 of 19

Answers on the Map

Answers color-coded by a green-red scale on the quiz's map according to % correct below.
 

Answer Stats

区划% Correct
海口市
99%
三亚市
98%
三沙市
84%
儋州市
78%
五指山市
77%
文昌市
77%
东方市
70%
琼海市
61%
万宁市
60%
琼中黎族苗族自治县
59%
陵水黎族自治县
55%
澄迈县
51%
临高县
49%
白沙黎族自治县
48%
乐东黎族自治县
46%
昌江黎族自治县
44%
保亭黎族苗族自治县
44%
屯昌县
41%
定安县
36%

Score Distribution

Percentile by Number Answered

Percent of People with Each Score

Your Score History

You have not taken this quiz